000 00255nam a2200097Ia 4500
001 706707
005 20250826162454.0
008 250824s9999 xx 000 0 und d
245 0 _aSAHİHİ BUHARİ VII
_cİMAM BUHARİ
260 _bDİYANET İŞLERİ YAYINLARI
999 _c706707
_d706707